| 000 | 00827nam a22003010a 4500 | ||
|---|---|---|---|
| 001 | PT60932 | ||
| 003 | AR-LpoUNG | ||
| 005 | 20210131232018.0 | ||
| 008 | 191001s2007||||ag |||||||||||||||||spa d | ||
| 020 |
_a9789870408451 _c$10 |
||
| 040 |
_aAR-LpoUNG _bspa _cAR-LpoUNG _eaacr |
||
| 041 | _aspa | ||
| 044 | _aag | ||
| 082 | 0 | _a808.068 3 419rin | |
| 100 | 1 | _aCervantes Saavedra, Miguel de | |
| 245 | 1 | 0 | _aRinconete y cortadillo |
| 250 | _a1ra. ed. | ||
| 260 |
_aBuenos Aires : _bAguilar - Altea - Taurus - Alfaguara, _c2007. |
||
| 300 |
_a26 p. : _bil. |
||
| 505 | 0 | _aSugerido a partir de 10 años (etiqueta VIOLETA) | |
| 650 | 4 | _aCUENTOS | |
| 650 | 4 | _aLITERATURA | |
| 653 | _aLITERATURA INFANTIL | ||
| 700 | 1 |
_aGonzáles & radu, Inés _eil. |
|
| 700 | 1 |
_aOchoa, Núria _etr. |
|
| 905 | _a60932 | ||
| 942 | _cLIB | ||
| 999 |
_c13224 _d13224 |
||